000 00292nam a22001217a 4500
041 _aENG
100 _aDelhi
245 _aCommonwealth Universities Yerbook 1992 Vol 2
260 _aPune
_bThe Association Of Commonwalth Universities
_c1992
300 _a1619
650 _aGAE
856 _uGAE
999 _c659
_d659